|
|
|
|
| LEADER |
00661nab a2200181 i 4500 |
| 001 |
misc7396 |
| 005 |
20191106144214.0 |
| 008 |
170607s1898 hu o 0|| hun d |
| 022 |
|
|
|a 0025-0260
|
| 040 |
|
|
|a SZTE Miscellanea Repozitórium
|b hun
|
| 041 |
|
|
|a hun
|
| 100 |
1 |
|
|a Gaal Mózes
|
| 245 |
1 |
3 |
|a Az irodalomtörténet tanítása
|h [elektronikus dokumentum] /
|c Gaal Mózes
|
| 260 |
|
|
|c 1898
|
| 300 |
|
|
|a 206-215
|
| 490 |
0 |
|
|a Magyar pedagógia : a Magyar Tudományos Akadémia Pedagógiai Bizottságának folyóirata
|v 7
|
| 695 |
|
|
|a Irodalomtörténet tanítása módszer 1898
|
| 856 |
4 |
0 |
|u http://misc.bibl.u-szeged.hu/7396/1/mp_1898_0522_206-215.pdf
|z Dokumentum-elérés
|